The evolving world : a history and Government course form four teacher's Book (Record no. 57927)

MARC details
000 -LEADER
fixed length control field 00723 a2200193 4500
008 - FIXED-LENGTH DATA ELEMENTS--GENERAL INFORMATION
fixed length control field 220518b ||||| |||| 00| 0 eng d
020 ## - INTERNATIONAL STANDARD BOOK NUMBER
International Standard Book Number 9780195732887
050 ## - LIBRARY OF CONGRESS CALL NUMBER
Classification number D 22
Item number .K57 2011
100 ## - MAIN ENTRY--PERSONAL NAME
Personal name Kiruthu, Felix
245 ## - TITLE STATEMENT
Title The evolving world : a history and Government course form four teacher's Book
Remainder of title Felix Kiruthu, Jacinta Kapiya and Wilson Kimori
260 ## - PUBLICATION, DISTRIBUTION, ETC. (IMPRINT)
Name of publisher, distributor, etc Oxford University Press East Africa Limited
Date of publication, distribution, etc 2012
300 ## - PHYSICAL DESCRIPTION
Extent 254p.
Dimensions 25cm.
650 ## - SUBJECT ADDED ENTRY--TOPICAL TERM
Source of heading or term History | World history -- Outlines, Sylabii
Topical term or geographic name as entry element Outlines, sylabii, etc.
650 ## - SUBJECT ADDED ENTRY--TOPICAL TERM
Source of heading or term Kenya
Topical term or geographic name as entry element History
Form subdivision Study and teaching
650 ## - SUBJECT ADDED ENTRY--TOPICAL TERM
Source of heading or term World history
Topical term or geographic name as entry element Outlines, Sylabii
700 ## - ADDED ENTRY--PERSONAL NAME
Personal name Kapiyo, Jacinta
700 ## - ADDED ENTRY--PERSONAL NAME
Personal name Kimori, Wilson
942 ## - ADDED ENTRY ELEMENTS (KOHA)
Item type Book
Source of classification or shelving scheme Library of Congress Classification
Holdings
Withdrawn status Lost status Source of classification or shelving scheme Damaged status Not for loan Collection code Home library Current library Shelving location Date acquired Source of acquisition Cost, normal purchase price Full call number Barcode Copy number Price effective from Koha item type Date last seen
    Library of Congress Classification     Non-fiction Bishop Okullu Memorial Library (Limuru Campus) Bishop Okullu Memorial Library (Limuru Campus) General Circulation 18/05/2022 PURCHASE 651.00 D22 .K57 2012 068577 1 18/05/2022 Book  
    Library of Congress Classification     Non-fiction Bishop Okullu Memorial Library (Limuru Campus) Bishop Okullu Memorial Library (Limuru Campus) General Circulation 18/05/2022 PURCHASE 651.00 D22 .K57 2012 068578 2 18/05/2022 Book  
    Library of Congress Classification     Non-fiction Bishop Okullu Memorial Library (Limuru Campus) Bishop Okullu Memorial Library (Limuru Campus) General Circulation 18/05/2022 PURCHASE 651.00 D22 .K57 2012 068581 5 18/05/2022 Book 18/05/2022
    Library of Congress Classification     Non-fiction Bishop Okullu Memorial Library (Limuru Campus) Bishop Okullu Memorial Library (Limuru Campus) General Circulation 18/05/2022 PURCHASE 651.00 D22 .K57 2012 068582 6 18/05/2022 Book  
    Library of Congress Classification     Non-fiction Bishop Okullu Memorial Library (Limuru Campus) Bishop Okullu Memorial Library (Limuru Campus) General Circulation 18/05/2022 PURCHASE 651.00 D22 .K57 2012 068579 3 18/05/2022 Book  
    Library of Congress Classification     Non-fiction Bishop Okullu Memorial Library (Limuru Campus) Bishop Okullu Memorial Library (Limuru Campus) General Circulation 18/05/2022 PURCHASE 651.00 D22 .K57 2012 068580 4 18/05/2022 Book